Gladiateurs - Statistiques

Statistiques générales
  • Ce quiz a été pris 35 fois
  • Le résultat moyen est 5 sur 15
Statistiques - réponses
Hint Réponse % Correct
Quelle est l'arène la plus connue ? Colisée
82%
Quel est le statut social d'un gladiateur ? Bien
75%
Quel gladiateur a mené une révolte qui aurait pu renverser Rome ? Spartacus
64%
Quel est le réalisateur du film "Gladiator" ? Ridley Scott
54%
Quel type de gladiateur porte le même nom qu'un peuple du nord de la Grêce ? Thrace
46%
Quel célèbre type de combattant était opposé au secutor ? Rétiaire
43%
Que donne-t-on à un gladiateur qui vient de gagner sa liberté ? Glaive en bois
32%
Dans quel lieu s'entraine les gladiateurs ? Ludus
18%
A qui appartient le gladiateur ? Laniste
11%
De quel aliment étaient principalement nourris les gladiateurs ? Orge
11%
Quel combattant a refusé 4 fois sa liberté ? Flamma
7%
Par quelle classe commencent tous les gladiateurs ? Provocator
7%
Quel est l'origine des combats de gladiateur ? Combats funéraires
4%
Quel est le nom du mannequin sur lesquels les gladiateurs s'entrainaient ? Palus
4%
quel est le danger principal d'avoir un casque pendant un combat ? Asphyxie
0%
Aucun quiz correspondant
Distribution des résultats
% des personnes avec chaque résultat
Percentile par nombre de réponses
Votre historique - résultats
Vous n’avez pas pris ce quiz